000 00667nam a2200253 a 4500
001 nice12345678
003 IN_TiNIC
005 20260116013047.0
008 050524s1999 lona grp 000 0 eng
020 _a
_c50
082 0 0 _a230.046
_bTHU3
100 _aThumma, Anthoniraj
245 _aSprings from the Subalsterns
_b Patterns and Perspectives in People`s Theolog
260 _aLondon
_bSPCK
_c1999
300 _a114p
500 _aincludes index and biblioraphy
505 2 _aBibliography, Index
650 _aLiberation-Theology
650 _aTheology-India
700 1 _aThumma, Anthoniraj
902 _bSRS
942 _cBK
999 _c9482
_d9482